000 00662nam a2200241Ia 4500
003 OSt
005 20220918174729.0
006 a|||||r|||| 00| 0
007 ta
008 220917b |||||||| |||| 00| 0 eng d
024 _a13,814
037 _cTextual
040 _aARTS
_cARTS
_beng
041 _2eng
_aeng
082 _aNA:222, H5-;1 (2)
100 _aSchunk Russel J.
_951532
245 0 _aPointers for public library building planners
260 _aChicago
_bAmerican Library Association
_c1945
300 _a66p.
_ccm.
650 _aARTS
942 _hNA:222, H5-;1 (2)
_cTEXL
_2CC
999 _c154418
_d154418